Joueurs RC Lens saison 2024-2025 (photos) - Statistiques

Statistiques générales
  • Ce quiz a été pris 163 fois
  • Le résultat moyen est 23 sur 29
Statistiques - réponses
Par images Réponse % Correct
Brice Samba
99%
Florian Sotoca
94%
Kevin Danso
94%
Facundo Medina
93%
Jonathan Gradit
91%
Adrien Thomasson
90%
Deiver Machado
89%
Angelo Fulgini
88%
Ruben Aguilar
88%
Wesley Said
88%
Andy Diouf
86%
David Pereira Da Costa
85%
Hervé Koffi
85%
Abdukodir Khusanov
84%
Malang Sarr
84%
Jimmy Cabot
81%
MBala Nzola
80%
Martin Satriano
77%
Jhoanner Chavez
76%
Przemyslaw Frankowski
74%
Anass Zaroury
72%
Nampalys Mendy
72%
Neil El Aynaoui
72%
Remy Labeau Lascary
72%
Denis Petric
60%
Tom Pouilly
59%
Hamzat Ojediran
52%
Ismaelo Ganiou
42%
Sidi Bané
41%
Aucun quiz correspondant
Distribution des résultats
% des personnes avec chaque résultat
Percentile par nombre de réponses
Votre historique - résultats
Vous n’avez pas pris ce quiz